000
00309nam a2200109Ia 4500
008
200302s9999 xx 000 0 und d
100
_a
Alexander Reichel and Others
245
_a
Building with Details principles examples
260
_b
Birkhauser Publlisher for Architecture
260
_c
2007
300
_a
112 P.,
999
_c
3962
_d
3962